| 000 | 00385 a2200169 4500 | ||
|---|---|---|---|
| 001 | 71632 | ||
| 020 | _a8508030223 | ||
| 040 | _cAnchieta - Colégio São Paulo | ||
| 100 | _aJunqueira, Sônia | ||
| 240 | 1 | 0 |
_aO mistério da Lua _lpor |
| 245 | 1 | 0 | _aO mistério da Lua |
| 300 | _a[24p.] | ||
| 362 | 0 | _a1991 | |
| 440 | 1 | _aÁtica | |
| 650 | 4 | _aLiteratura infanto-juvenil | |
| 942 | _cBK | ||
| 999 |
_c71632 _d71632 |
||